000 00260nam a22001097a 4500
082 _a621.3745 KID'E
100 _aKIDWELL, W
_977765
245 _aELECTRICAL INSTRUMENTS AND MEASUREMENT
260 _aNEWYORK
_bMCGRAW HILL
_c1969
300 _a449P
942 _cBK
999 _c582982
_d582982